Responses for show #7507 - Tuesday, April 11, 2017

Contestants

Atissa Banuazizi, a writer and communication instructor from Allston, Massachusetts

Steve Gavenas, an artist and business consultant from South Pasadena, California

Greg Chin, a direct service provider from New York, New York (whose 1-day cash winnings total $16,200)

Jeopardy! Round responses

THE PEACE CORPS
THEIR FIRST NO. 1 HIT
WORLD CAPITALS
WAIT"ER"
THERE'S A FLY
IN MY SOUP
    $200 9
the State department

Steve
    $200 6
Miley Cyrus

Greg
    $200 2
Seoul

Steve
    $200 15
loitering

Steve
    $400 10
Ghana

Steve
    $400 24
The Beach Boys

Atissa
    $400 1
Riyadh

Steve
    $400 19
a holding pattern

Triple Stumper
    $400 7
Manhattan

Greg
    $600 11
Netflix

Greg
    $600 12
Bon Jovi

Greg
    $1,000 3
Athens

Steve
    $600 25
"Linger"

Greg
    $600 8
wings

Atissa
    $600 27
seaweed

Steve
    $800 16
Hurricane Katrina

Greg
    $800 18
Lady Gaga

Triple Stumper
    $800 4
Brasília

Greg
    $800 13
a filibuster

Greg
    $800 26
a gadfly

Triple Stumper
    $800 22
meatballs

Triple Stumper
    $1000 20
(Sargent) Shriver

Greg
    $1000 23
(Greg: Who are CCR?)

The Doobie Brothers

GregSteve
    $1000 5
Kinshasa

Steve
    $1000 21
(Alex: We have less than a minute to go now.)

the interregnum

Triple Stumper
    $1000 14
the Mediterranean fruit fly

Steve
    $1000 17
hominy

Greg

Scores at the first commercial break (after clue 15):

Greg Steve Atissa
$3,400 $4,400 $600

Scores at the end of the Jeopardy! Round:

Greg Steve Atissa
$5,800 $6,000 $1,000

Double Jeopardy! Round responses

THE ROYAL THEY
LIVE TV
LIBRARIES
PLANETARY PEOPLE & THINGS
SPEAKING ITALIAN
WINDOW TREATMENTS
    $400 22
Louis XIV

Steve
    $400 21
debate

Atissa
    $400 25
Walt Whitman

Steve
    $400 6
(Atissa: What is chlorine?)

mercury

Atissa
Triple Stumper
    $400 1
funny

Greg
    $800 8
Rainier

Atissa
    $800 2
(Steve: Who is Jon Stewart?)

Trevor Noah

GregSteve
    $800 26
Alexandria

Atissa
    $800 15
Bruno Mars

Atissa
    $800 5
black

Greg
    $800 13
Eleanor Rigby

Steve
    $1200 3
Hirohito

Greg
    $1200 23
(Alex: Less than a minute now.)

ER

Atissa
    $1200 4
(Atissa: What is Wikipedia?)

Priceline.com

Atissa
Triple Stumper
    $1200 16
(Atissa: What is terracotta?)

earthenware

Atissa
Triple Stumper
    $1200 10
an ATM

Greg
    $1200 14
Raymond Chandler

Atissa
    $1600 7
William and Mary

Steve
    $1600 11
Drew Carey

Greg
    $1600 27
Trinity

Atissa
    $1600 17
Uranus

Triple Stumper
    $1,000 19
(Atissa: What is forte?)

robusta

Atissa
    $1600 28
[The end-of-round signal sounds.]

Lao Tzu

Steve
    $2,000 9
(Alex: Atissa?)
(Atissa: Um, who are Napoleon and Josephine?)

Nicholas and Alexandra

Atissa
    $2000 24
Hairspray

Greg
    $2000 12
the American Kennel Club

Triple Stumper
    $2000 18
(Greg: What is Pluto?)

the Neptune Society

Greg
Triple Stumper
    $2000 20
finita

Greg

Scores at the end of the Double Jeopardy! Round:

Greg Steve Atissa
$13,800 $10,000 $2,000

[wagering suggestions for these scores]

Final Jeopardy! Round responses

AMERICANA
(Alex: [To Atissa] Simon and Garfunkel song.)
AtissaWhat is the New Jersey Turnpike?
$401
SteveWhat is I 80
$9,999
GregWhat is the NJ Turnpike?
$7,599
the New Jersey Turnpike

Final scores:

Greg Steve Atissa
$21,399 $1 $2,401
2-day champion: $37,599 3rd place: $1,000 2nd place: $2,000

Game dynamics:

Coryat scores:

Greg Steve Atissa
$13,800 $9,600 $5,000
18 R,
2 W
15 R
(including 1 DD),
1 W
9 R,
5 W
(including 2 DDs)

Combined Coryat: $28,400

The J! Archive is created by fans, for fans. The Jeopardy! game show and all elements thereof, including but not limited to copyright and trademark thereto, are the property of Jeopardy Productions, Inc. and are protected under law. This website is not affiliated with, sponsored by, or operated by Jeopardy Productions, Inc. Join the discussion at JBoard.tv.